<?xml version="1.0" encoding="UTF-8"?>
<marc:record xmlns:marc="http://www.loc.gov/MARC21/slim">
   <marc:leader>00000nam a2200000 a 4500</marc:leader>
   <marc:datafield ind1="1" ind2=" " tag="100">
      <marc:subfield code="a">Navarro, Fabian</marc:subfield>
      <marc:subfield code="4">aut</marc:subfield>
      <marc:subfield code="e">Verfasser/-in</marc:subfield>
   </marc:datafield>
   <marc:datafield ind1="0" ind2="0" tag="245">
      <marc:subfield code="a">Vienna Falling</marc:subfield>
   </marc:datafield>
   <marc:datafield ind1="0" ind2="0" tag="245">
      <marc:subfield code="b">Roman</marc:subfield>
   </marc:datafield>
   <marc:datafield ind1=" " ind2="1" tag="264">
      <marc:subfield code="b">Leykam</marc:subfield>
      <marc:subfield code="c">2025</marc:subfield>
   </marc:datafield>
   <marc:datafield ind1="1" ind2=" " tag="520">
      <marc:subfield code="a">Quelle: bn.bibliotheksnachrichten (http://www.biblio.at/literatur/bn/index.html); 
Autor: Sarah Atzlesberger; 
Es hätte nur ein Kurztrip wie jeder andere werden sollen, doch dann geschieht das Unmögliche. (DR)
Renate und Jürgen machen gerade einen Kurzurlaub in Wien, als sich vor dem Stephansdom plötzlich ein Spalt öffnet und Jürgen darin verschwindet. Renate versucht alles, um ihren Mann wiederzufinden. Schon bald merkt sie, dass ihr die Wiener Polizei keine große Hilfe ist. Also beschließt sie, die Suche nach ihrem Mann selbst in die Hand zu nehmen  auch wenn sie sich dabei in immer größere Gefahr begibt.
Ein spannender Roman über mysteriöse Vorgänge in Wien. Der Autor schafft es, die Lesenden von Anfang an in seinen Bann zu ziehen und sie auf eine Reise in die tiefsten Tiefen der Stadt mitzunehmen. Obwohl die Prämisse, dass sich plötzlich ein Spalt in der Stadt auftut, in der Realität schwer vorstellbar ist, vermittelt der Roman das Gefühl, dass sich diese Geschichte genau so zugetragen haben könnte. Unterstützt wird dieser Eindruck durch unterschiedliche Perspektiven, aus denen erzählt wird, sowie Auszüge aus dem Kochforum, in dem Renate aktiv ist, Presseartikel, Polizeiberichte und E-Mails.
Ein sehr empfehlenswertes Buch  insbesondere für alle Wien-Fans!</marc:subfield>
   </marc:datafield>
   <marc:datafield ind1=" " ind2=" " tag="020">
      <marc:subfield code="a">9783701183845</marc:subfield>
      <marc:subfield code="9">9783701183845</marc:subfield>
   </marc:datafield>
</marc:record>
